[Event "SVK-chT2A 2223"]
[Site "Slovakia"]
[Date "2023.01.15"]
[Round "7.2"]
[White "Michal, Silvio"]
[Black "Mydlarik, Martin"]
[Result "1/2-1/2"]
[WhiteElo "2051"]
[BlackElo "2060"]
[PlyCount "77"]
[EventDate "2022.10.08"]
[EventType "team-tourn"]
[EventRounds "11"]
[EventCountry "SVK"]
[SourceTitle "EXT 2024"]
[Source "ChessBase"]
[SourceDate "2023.10.10"]
[SourceVersion "1"]
[SourceVersionDate "2023.10.10"]
[SourceQuality "1"]
[WhiteTeam "Pezinok"]
[BlackTeam "Modra II"]
[WhiteTeamCountry "SVK"]
[BlackTeamCountry "SVK"]

1. c4 c5 2. Nf3 Nc6 3. Nc3 g6 4. e3 Bg7 5. d4 cxd4 6. exd4 d6 7. Be3 Nf6 8. h3 0-0 9. d5 Nb8 10. Be2 e6 11. dxe6 Bxe6 12. Nd4 Nc6 13. Nxe6 fxe6 14. 0-0 Qe7 15. Bg5 Rad8 16. Re1 Qf7 17. Bh4 a6 18. Qd2 Ne7 19. Bf3 Rd7 20. Qe2 e5 21. Rad1 Kh8 22. Bxf6 Bxf6 23. Ne4 Nf5 24. Bg4 Be7 25. Rd5 h5 26. Bxf5 gxf5 27. Ng3 h4 28. Qh5+ Qxh5 29. Nxh5 Rc7 30. f4 e4 31. g4 Rxc4 32. Kf2 Kh7 33. gxf5 Rc2+ 34. Re2 Rxe2+ 35. Kxe2 Kh6 36. f6 Bxf6 37. Nxf6 Rxf6 38. Ke3 Re6 39. f5 1/2-1/2

[Event "SVK-chT2A 2223"]
[Site "Slovakia"]
[Date "2022.11.13"]
[Round "4.3"]
[White "Blaho, Stefan"]
[Black "Mydlarik, Martin"]
[Result "0-1"]
[WhiteElo "2046"]
[BlackElo "2066"]
[PlyCount "84"]
[EventDate "2022.10.08"]
[EventType "team-tourn"]
[EventRounds "11"]
[EventCountry "SVK"]
[SourceTitle "EXT 2024"]
[Source "ChessBase"]
[SourceDate "2023.10.10"]
[SourceVersion "1"]
[SourceVersionDate "2023.10.10"]
[SourceQuality "1"]
[WhiteTeam "Dunajska Streda II"]
[BlackTeam "Modra II"]
[WhiteTeamCountry "SVK"]
[BlackTeamCountry "SVK"]

1. d4 f5 2. Bf4 Nf6 3. e3 e6 4. Be2 Be7 5. c4 0-0 6. Nc3 d5 7. c5 c6 8. Nf3 Ne4 9. Nxe4 fxe4 10. Ne5 Qa5+ 11. Qd2 Qxd2+ 12. Kxd2 Nd7 13. Nxd7 Bxd7 14. a4 e5 15. Bg3 exd4 16. exd4 Bf6 17. Kc3 Rae8 18. b4 g6 19. h4 h5 20. Rae1 Bg7 21. Rhf1 a6 22. Bd6 Rf7 23. f4 exf3 24. Bxf3 Rxe1 25. Rxe1 Bf6 26. b5 axb5 27. axb5 Bxh4 28. Ra1 Bf5 29. Ra8+ Kh7 30. b6 Be1+ 31. Kb3 Kh6 32. Bf4+ g5 33. Bc7 Bd3 34. Bxd5 cxd5 35. c6 Bc4+ 36. Kc2 Bb4 37. Bg3 bxc6 38. Ra7 Rf1 39. Ra4 Rg1 40. b7 Rxg2+ 41. Kd1 Bb3+ 42. Kc1 Bc3 0-1

[Event "SVK-chT2A 2122"]
[Site "Slovakia"]
[Date "2022.03.05"]
[Round "5.3"]
[White "Abel, Peter"]
[Black "Mydlarik, Martin"]
[Result "1-0"]
[WhiteElo "2231"]
[BlackElo "2037"]
[PlyCount "65"]
[EventDate "2021.10.16"]
[EventType "team-tourn"]
[EventRounds "11"]
[EventCountry "SVK"]
[SourceTitle "EXT 2023"]
[Source "ChessBase"]
[SourceDate "2022.10.05"]
[SourceVersion "1"]
[SourceVersionDate "2022.10.05"]
[SourceQuality "1"]
[WhiteTeam "Piestany Kupele"]
[BlackTeam "Modra II"]
[WhiteTeamCountry "SVK"]
[BlackTeamCountry "SVK"]

1. c4 e5 2. Nc3 d6 3. Nf3 g6 4. g3 Bg7 5. Bg2 Ne7 6. 0-0 0-0 7. d3 h6 8. Bd2 c6 9. b4 Be6 10. a4 f5 11. b5 Nd7 12. Rb1 d5 13. bxc6 bxc6 14. cxd5 cxd5 15. Nb5 a6 16. Nd6 Nc5 17. Nb7 Nxb7 18. Rxb7 e4 19. Ne1 Bc8 20. Rb1 Kh7 21. Bb4 Ra7 22. e3 Rd7 23. Qd2 Rf7 24. Ba5 Qe8 25. Bb6 Bb7 26. Nc2 Nc6 27. d4 g5 28. f4 exf3 29. Rxf3 Qe6 30. Bc5 Ne7 31. Rb6 Nc6 32. Bf1 Qe8 33. Bd3 1-0

[Event "SVK-ch Rapid"]
[Site "Modra"]
[Date "2021.06.12"]
[Round "5"]
[White "Mydlarik, Martin"]
[Black "Jurcak, Marian"]
[Result "1-0"]
[WhiteElo "2060"]
[BlackElo "1731"]
[PlyCount "50"]
[EventDate "2021.06.12"]
[EventType "swiss (rapid)"]
[EventRounds "9"]
[EventCountry "SVK"]
[SourceTitle "EXT 2022"]
[Source "ChessBase"]
[SourceDate "2021.10.06"]
[SourceVersion "1"]
[SourceVersionDate "2021.10.06"]
[SourceQuality "1"]

1. e4 e5 2. Nf3 d6 3. h3 Be6 4. d4 exd4 5. Nxd4 Be7 6. Nc3 Nf6 7. Be3 Nc6 8. Bb5 Bd7 9. 0-0 0-0 10. Be2 Re8 11. f4 Bf8 12. Bf3 a6 13. a4 Ne7 14. g4 g6 15. g5 Nh5 16. Bxh5 gxh5 17. Qxh5 Ng6 18. Rae1 b5 19. Nd5 Bg7 20. Nf5 Rxe4 21. Nxg7 Kxg7 22. Qh6+ Kh8 23. Nf6 Nf8 24. Nxe4 Bc6 25. Bd4+ Kg8 1-0

[Event "SVK-chT 1920"]
[Site "Slovakia"]
[Date "2020.03.01"]
[Round "8.6"]
[White "Tropp, Lukas"]
[Black "Mydlarik, Martin"]
[Result "1/2-1/2"]
[WhiteElo "2123"]
[BlackElo "2127"]
[PlyCount "134"]
[EventDate "2019.10.19"]
[EventType "team-tourn"]
[EventRounds "11"]
[EventCountry "SVK"]
[SourceTitle "CBM 195 Extra"]
[Source "ChessBase"]
[SourceDate "2020.05.31"]
[SourceVersion "1"]
[SourceVersionDate "2020.05.31"]
[SourceQuality "1"]
[WhiteTeam "Kosice Slavia UPJS"]
[BlackTeam "Modra"]
[WhiteTeamCountry "SVK"]
[BlackTeamCountry "SVK"]

1. e4 d5 2. exd5 Qxd5 3. Nc3 Qa5 4. d4 Nf6 5. Nf3 Bf5 6. Ne5 c6 7. g4 Be4 8. f3 Bd5 9. Bd2 Qb6 10. Nxd5 cxd5 11. c3 e6 12. Qb3 Qxb3 13. axb3 Bd6 14. h3 Nfd7 15. f4 0-0 16. Bg2 Bxe5 17. fxe5 Nc6 18. b4 b5 19. Ke2 a5 20. bxa5 Nxa5 21. Rhb1 Nb3 22. Ra3 Nxd2 23. Kxd2 Nb6 24. Kd3 Nc4 25. Rb3 Ra5 26. Rb4 f6 27. b3 Ra2 28. Bxd5 exd5 29. bxc4 bxc4+ 30. Ke3 Rc2 31. Rb5 Rxc3+ 32. Kf4 Rd3 33. Rxd5 fxe5+ 34. Kxe5 Re3+ 35. Kd6 c3 36. h4 Rd8+ 37. Kc5 Rc8+ 38. Kd6 c2 39. Rc1 Rd3 40. Kd7 Rcc3 41. Ke6 h6 42. Rc5 Rd1 43. Rxc3 Rxc1 44. Rc8+ Kh7 45. Kd5 Kg6 46. Rc7 h5 47. Rc6+ Kf7 48. gxh5 Ke7 49. Rc7+ Kf6 50. Rc3 Kf5 51. Rc7 Kf6 52. Rc5 Ke7 53. Rc3 Kd7 54. Kc5 Ra1 55. Rxc2 Ra5+ 56. Kc4 Rxh5 57. Rg2 Rxh4 58. Rxg7+ Kd6 59. Rg6+ Kd7 60. Kc5 Rh1 61. Rg7+ Kd8 62. d5 Rh6 63. Rb7 Kc8 64. Ra7 Kd8 65. Rg7 Kc8 66. d6 Rh1 67. d7+ Kd8 1/2-1/2

[Event "EU-Cup 32nd"]
[Site "Novi Sad"]
[Date "2016.11.10"]
[Round "5.6"]
[White "Loo, Bernd"]
[Black "Mydlarik, Martin"]
[Result "1/2-1/2"]
[WhiteElo "1852"]
[BlackElo "2084"]
[PlyCount "69"]
[EventDate "2016.11.06"]
[EventType "team-swiss"]
[EventRounds "7"]
[EventCountry "SRB"]
[SourceTitle "CBM 176"]
[Source "ChessBase"]
[SourceDate "2017.01.17"]
[SourceVersion "1"]
[SourceVersionDate "2017.01.17"]
[SourceQuality "1"]
[WhiteTeam "Echternach Sprenger"]
[BlackTeam "Modra"]
[WhiteTeamCountry "LUX"]
[BlackTeamCountry "SVK"]

1. c4 e5 2. Nc3 Nc6 3. Nf3 Nf6 4. e4 Bc5 5. Nxe5 Nxe5 6. d4 Bxd4 7. Qxd4 Nc6 8. Qd1 h6 9. Be2 0-0 10. 0-0 d6 11. f3 Re8 12. Bf4 Be6 13. Nd5 Ne5 14. Qd2 Nfd7 15. b3 Ng6 16. Bg3 b6 17. Rac1 a5 18. Nc3 Kh8 19. f4 f5 20. Bd3 Qf6 21. exf5 Bxf5 22. Be2 Ne7 23. Bf3 Rad8 24. Nb5 Nc5 25. Nxc7 Rf8 26. Rce1 Rd7 27. Nd5 Nxd5 28. Bxd5 Nd3 29. Re3 Nc5 30. Rfe1 Qg6 31. a3 Ra7 32. b4 Nd3 33. Rd1 axb4 34. axb4 Ra3 35. b5 1/2-1/2

[Event "SVK-chT 1516"]
[Site "Slovakia"]
[Date "2016.01.16"]
[Round "5.6"]
[White "Sukuba, Zdeno"]
[Black "Mydlarik, Martin"]
[Result "1-0"]
[WhiteElo "2112"]
[BlackElo "2141"]
[PlyCount "75"]
[EventDate "2015.10.10"]
[EventType "team-tourn"]
[EventRounds "11"]
[EventCountry "SVK"]
[SourceTitle "CBM 170 Extra"]
[Source "ChessBase"]
[SourceDate "2016.02.25"]
[SourceVersion "1"]
[SourceVersionDate "2016.02.25"]
[SourceQuality "1"]
[WhiteTeam "Dubnica nad Vahom"]
[BlackTeam "Modra"]
[WhiteTeamCountry "SVK"]
[BlackTeamCountry "SVK"]

1. c4 e5 2. Nc3 Nc6 3. g3 g6 4. Bg2 Bg7 5. Nf3 Nge7 6. 0-0 0-0 7. d3 h6 8. Rb1 f5 9. Nd2 Nd4 10. b4 d6 11. Nb3 c6 12. b5 c5 13. Bd2 Kh7 14. a4 Rb8 15. Nxd4 exd4 16. Nd5 Be6 17. b6 a6 18. Nc7 Bg8 19. Qb3 Qd7 20. a5 Nc6 21. Qa4 Ne5 22. Qxd7 Nxd7 23. Rb3 Rf7 24. Rfb1 Re7 25. Kf1 Ne5 26. Bf4 g5 27. Bxe5 Bxe5 28. Bxb7 Rxb7 29. Nxa6 Be6 30. Nc7 Bc8 31. Nd5 Rf7 32. a6 Rb8 33. b7 Be6 34. a7 Rff8 35. axb8Q Rxb8 36. Nc7 Bf7 37. Na6 d5 38. Nxb8 1-0

[Event "SVK-chT 1516"]
[Site "Slovakia"]
[Date "2015.11.21"]
[Round "3.2"]
[White "Peitl, Tomas"]
[Black "Mydlarik, Martin"]
[Result "1-0"]
[WhiteElo "2206"]
[BlackElo "2141"]
[PlyCount "81"]
[EventDate "2015.10.10"]
[EventType "team-tourn"]
[EventRounds "11"]
[EventCountry "SVK"]
[SourceTitle "EXT 2017"]
[Source "ChessBase"]
[SourceDate "2016.10.25"]
[SourceVersion "1"]
[SourceVersionDate "2016.10.25"]
[SourceQuality "1"]
[WhiteTeam "Devinska Nova Ves"]
[BlackTeam "Modra"]
[WhiteTeamCountry "SVK"]
[BlackTeamCountry "SVK"]

1. e4 e6 2. d4 d5 3. Nd2 c5 4. exd5 exd5 5. Ngf3 Nc6 6. Bb5 a6 7. Bxc6+ bxc6 8. 0-0 Bd6 9. dxc5 Bxc5 10. Nb3 Bd6 11. Qd4 f6 12. Bf4 Ne7 13. Bxd6 Qxd6 14. Qc5 Qxc5 15. Nxc5 Bf5 16. Rfe1 Kf7 17. Nd4 Bc8 18. Re2 Ra7 19. Rae1 Rc7 20. a4 Ng6 21. a5 Ne5 22. b3 g5 23. f3 Rd8 24. Kf2 Rd6 25. h4 gxh4 26. Rh1 Ng6 27. g3 Ra7 28. gxh4 Re7 29. Rxe7+ Nxe7 30. Re1 Ng6 31. Kg3 Ne5 32. f4 Ng6 33. c3 Nf8 34. f5 h6 35. Kf4 Nh7 36. b4 Nf8 37. Rg1 h5 38. Rg3 Nd7 39. Nce6 Bb7 40. Rg7+ Ke8 41. Nc7+ 1-0

[Event "SVK-chT1W 1415"]
[Site "Slovakia"]
[Date "2015.03.15"]
[Round "11.4"]
[White "Capak, Stefan"]
[Black "Mydlarik, Martin"]
[Result "1/2-1/2"]
[WhiteElo "2063"]
[BlackElo "2138"]
[PlyCount "31"]
[EventDate "2014.10.18"]
[EventType "team-tourn"]
[EventRounds "11"]
[EventCountry "SVK"]
[SourceTitle "EXT 2016"]
[Source "ChessBase"]
[SourceDate "2015.10.08"]
[SourceVersion "1"]
[SourceVersionDate "2015.10.08"]
[SourceQuality "1"]
[WhiteTeam "Povazska Bystrica SK Sparta"]
[BlackTeam "Modra"]
[WhiteTeamCountry "SVK"]
[BlackTeamCountry "SVK"]

1. d4 Nf6 2. Nf3 d5 3. c4 e6 4. Bg5 Be7 5. Nc3 Nbd7 6. e3 h6 7. Bh4 a6 8. cxd5 exd5 9. Bd3 c6 10. 0-0 Ne4 11. Bxe7 Qxe7 12. Qc2 f5 13. Rae1 0-0 14. Nd2 Ndf6 15. Nf3 Be6 16. Ne5 1/2-1/2

[Event "SVK-chT2A 1415"]
[Site "Slovakia"]
[Date "2015.03.08"]
[Round "11.3"]
[White "Madar, Martin"]
[Black "Mydlarik, Martin"]
[Result "0-1"]
[WhiteElo "2174"]
[BlackElo "2138"]
[PlyCount "132"]
[EventDate "2014.10.11"]
[EventType "team-tourn"]
[EventRounds "11"]
[EventCountry "SVK"]
[SourceTitle "EXT 2016"]
[Source "ChessBase"]
[SourceDate "2015.10.08"]
[SourceVersion "1"]
[SourceVersionDate "2015.10.08"]
[SourceQuality "1"]
[WhiteTeam "Pezinok"]
[BlackTeam "Modra II"]
[WhiteTeamCountry "SVK"]
[BlackTeamCountry "SVK"]

1. e4 e6 2. d3 d5 3. Nd2 c5 4. Ngf3 Nc6 5. g3 Nf6 6. Bg2 Be7 7. 0-0 0-0 8. Re1 dxe4 9. dxe4 e5 10. c3 Qc7 11. Qc2 b6 12. Nf1 Ba6 13. Bg5 Rad8 14. Rad1 Ng4 15. Bxe7 Nxe7 16. h3 Nf6 17. Ne3 Bb7 18. Nh4 g6 19. c4 Rxd1 20. Rxd1 Nc6 21. Nd5 Nxd5 22. exd5 Nd4 23. Qd2 Qd6 24. Nf3 Ba6 25. Nxd4 cxd4 26. Rc1 Rc8 27. Bf1 Bb7 28. Bg2 Ba6 29. Bf1 Bb7 30. Bg2 a5 31. a3 a4 32. Qb4 Qc5 33. Qxa4 b5 34. b4 bxa4 35. bxc5 Rxc5 36. Rb1 Bc8 37. Rb4 f5 38. Rxa4 d3 39. Kf1 Bd7 40. Rb4 e4 41. Ke1 Kf7 42. Kd2 Kf6 43. Ke3 Ke5 44. f3 d2 45. f4+ Kd6 46. Kxd2 Ra5 47. Rb3 Kc5 48. Rb7 Kd6 49. Rb3 Ra4 50. Kc3 Kc5 51. Bf1 Ra7 52. Be2 h6 53. g4 Ba4 54. Rb8 Bd7 55. Rb3 Ra6 56. gxf5 gxf5 57. Bh5 Ra4 58. Be2 Ra8 59. h4 Rg8 60. Kd2 Kd4 61. h5 Ba4 62. Rh3 Rg1 63. d6 Ra1 64. d7 Bxd7 65. Bd1 e3+ 66. Ke1 Ba4 0-1

[Event "SVK-chT1W 1415"]
[Site "Slovakia"]
[Date "2015.01.31"]
[Round "7.4"]
[White "Jablonicky, Frantisek"]
[Black "Mydlarik, Martin"]
[Result "1-0"]
[WhiteElo "2126"]
[BlackElo "2138"]
[PlyCount "117"]
[EventDate "2014.10.18"]
[EventType "team-tourn"]
[EventRounds "11"]
[EventCountry "SVK"]
[SourceTitle "EXT 2016"]
[Source "ChessBase"]
[SourceDate "2015.10.08"]
[SourceVersion "1"]
[SourceVersionDate "2015.10.08"]
[SourceQuality "1"]
[WhiteTeam "Osuske"]
[BlackTeam "Modra"]
[WhiteTeamCountry "SVK"]
[BlackTeamCountry "SVK"]

1. Nf3 Nf6 2. d4 e6 3. c4 b6 4. a3 Be7 5. d5 Ba6 6. Qb3 c5 7. Nc3 exd5 8. cxd5 0-0 9. g3 d6 10. Bg2 Nbd7 11. 0-0 Re8 12. Re1 Bf8 13. Bf4 b5 14. Nd2 Rb8 15. Nce4 Qb6 16. Nxf6+ Nxf6 17. h3 g6 18. e4 Nd7 19. a4 Bg7 20. axb5 Bxb5 21. Ra2 Ne5 22. Bxe5 Bxe5 23. Nc4 Qc7 24. Nxe5 Rxe5 25. Qc3 Re7 26. f4 Rbe8 27. b4 cxb4 28. Qxb4 Qb6+ 29. Kh2 Bd3 30. Qxb6 axb6 31. e5 Bc4 32. Ra3 Rd8 33. Rae3 dxe5 34. Rxe5 Red7 35. Re8+ Kg7 36. Rxd8 Rxd8 37. Rd1 Rd6 38. Kg1 Kf6 39. Kf2 Ke7 40. Ke3 Rd7 41. Kd4 Ba6 42. Ra1 Bb7 43. Rb1 Rd6 44. g4 h6 45. h4 Bc8 46. Re1+ Kd7 47. g5 hxg5 48. hxg5 Bb7 49. Rh1 Ke7 50. Ke5 b5 51. Kd4 b4 52. Rb1 Bc8 53. Rxb4 Ra6 54. Ke5 f6+ 55. gxf6+ Rxf6 56. Be4 Ra6 57. Rb3 Bd7 58. Rb2 Kf7 59. d6 1-0